[Event "Eynatten1 - Fontaine"]
[Site "?"]
[Date "2010.11.07"]
[Round "3.4"]
[White "Dambacher, Martin"]
[Black "Claesen, Pieter"]
[Result "1-0"]
[WhiteElo "2476"]
[BlackElo "2367"]
[PlyCount "117"]
[EventDate "2010.??.??"]

1. d4 d5 2. c4 c6 3. Nf3 Nf6 4. e3 Bg4 5. Bd3 Nbd7 6. Nbd2 e5 7. cxd5 Nxd5 8.
h3 Bh5 9. g4 Nb4 10. Be4 Bg6 11. O-O exd4 12. exd4 Nf6 13. Re1 Be7 14. Bxg6
hxg6 15. Qb3 Nbd5 16. Qxb7 Rxh3 17. Ne5 Rb8 18. Qxc6+ Kf8 19. Ne4 Bb4 20. Ng5
Bxe1 21. Nxh3 Rc8 22. Qb5 Qa5 23. Qb7 Qc7 24. Qxc7 Rxc7 25. Bg5 Ba5 26. Rc1
Rxc1+ 27. Bxc1 Bb6 28. g5 Ne4 29. Nc6 Ne7 30. Nxe7 Kxe7 31. Be3 Kd7 32. Kf1 Ke6
33. Ke2 Kf5 34. d5 Bd8 35. f3 Nd6 36. Bxa7 Ke5 37. Kd3 Kxd5 38. Bd4 Nf5 39. Bc3
Bc7 40. Nf2 Bf4 41. Ne4 Bc1 42. b4 Nh4 43. Bd2 Bxd2 44. Nxd2 f6 45. a4 Ng2 46.
Ne4 Ne1+ 47. Ke2 Nc2 48. b5 f5 49. Nd2 Kc5 50. Kd3 Nb4+ 51. Kc3 Nd5+ 52. Kb3
Nc7 53. Nc4 Ne6 54. b6 Kc6 55. a5 Nd4+ 56. Kb4 Nxf3 57. a6 Nxg5 58. a7 Kb7 59.
Nd6+ 1-0

[Event "Fontaine - Eynatten1"]
[Site "?"]
[Date "2010.11.07"]
[Round "3.5"]
[White "Le Quang, Kim"]
[Black "Bok, Benjamin"]
[Result "0-1"]
[WhiteElo "2327"]
[BlackElo "2449"]
[PlyCount "102"]
[EventDate "2010.11.07"]
[SourceDate "2010.11.07"]

1. c4 Nf6 2. g3 c6 3. Nf3 d5 4. b3 Bg4 5. Bg2 e6 6. Bb2 Bd6 7. O-O O-O 8. Na3
Nbd7 9. d3 a5 10. Nc2 Re8 11. a3 e5 12. b4 Bf8 13. cxd5 Nxd5 14. e4 N5b6 15.
Rb1 Qc7 16. Qd2 axb4 17. axb4 Ra2 18. Rfc1 Qd6 19. Ba1 g6 20. Nfe1 h5 21. h3
Be6 22. Rd1 Bg7 23. Qe3 Qe7 24. f4 Nc8 25. Qf3 h4 26. Ne3 hxg3 27. f5 gxf5 28.
exf5 Bd5 29. Nxd5 cxd5 30. Qxd5 Rf2 31. Qxb7 Nd6 32. f6 Qxf6 33. Qa7 Nf8 34.
Rb2 Rxb2 35. Bxb2 Qf4 36. Nc2 Nb5 37. Qe3 Qxe3+ 38. Nxe3 Ne6 39. Nf5 Nf4 40.
Nxg7 Kxg7 41. Rf1 Nd4 42. Bxd4 Ne2+ 43. Kh1 Nxd4 44. Bd5 f5 45. Kg2 Rd8 46. Bc4
f4 47. Ra1 Nc2 48. Ra7+ Kg6 49. Kf3 Nxb4 50. Ra3 Kf5 51. Kg2 Nc2 0-1

[Event "Eynatten1 - Fontaine"]
[Site "?"]
[Date "2010.11.07"]
[Round "3.6"]
[White "Van Kampen, Robin"]
[Black "Jadoul, Michel"]
[Result "1-0"]
[WhiteElo "2422"]
[BlackElo "2346"]
[PlyCount "65"]
[EventDate "2010.??.??"]

1. e4 c5 2. Nf3 g6 3. d4 Bg7 4. c4 d6 5. Nc3 Nc6 6. Be3 Qb6 7. Nd5 Qa5+ 8. Qd2
Qxd2+ 9. Bxd2 Kf8 10. dxc5 dxc5 11. O-O-O Bg4 12. Be3 b6 13. h3 Bxf3 14. gxf3
Nf6 15. Bg2 Nh5 16. f4 e6 17. Nc3 Ke7 18. e5 Rac8 19. Bf3 f6 20. Rhg1 Bh6 21.
Bxh5 gxh5 22. exf6+ Kxf6 23. Rd7 Rcf8 24. Ne4+ Kf5 25. Ng3+ Kf6 26. Nxh5+ Kf5
27. f3 Nd4 28. Bxd4 cxd4 29. Rg4 e5 30. Rd6 Bxf4+ 31. Nxf4 h5 32. Ne6 hxg4 33.
hxg4+ 1-0

[Event "KBSK - CRELEL"]
[Site "?"]
[Date "2010.11.07"]
[Round "3.1"]
[White "Maenhout, Thibaut"]
[Black "Vandervoort, Pascal"]
[Result "0-1"]
[WhiteElo "2355"]
[BlackElo "2353"]
[PlyCount "50"]
[EventDate "2010.11.07"]
[SourceDate "2010.11.07"]

1. e4 c5 2. Nf3 d6 3. d4 cxd4 4. Nxd4 Nf6 5. Nc3 a6 6. Be3 Ng4 7. Bg5 h6 8. Bh4
g5 9. Bg3 Bg7 10. Be2 Ne5 11. Nf5 Bxf5 12. exf5 Nbc6 13. Nd5 Nd7 14. c3 Nf6 15.
Bc4 Rc8 16. h4 Qa5 17. O-O Qc5 18. Qd3 gxh4 19. b4 Nxb4 20. cxb4 Qxc4 21. Rac1
Qxc1 22. Rxc1 Rxc1+ 23. Kh2 Nxd5 24. Bxh4 Nf6 25. Qg3 Rc4 0-1

[Event "KBSK - CRELEL"]
[Site "?"]
[Date "2010.11.07"]
[Round "3.3"]
[White "Decoster, Frederic"]
[Black "De Gueldre, Philippe"]
[Result "1-0"]
[WhiteElo "2302"]
[BlackElo "2135"]
[PlyCount "61"]
[EventDate "2010.11.07"]
[SourceDate "2010.11.07"]

1. e4 c5 2. Nc3 d6 3. f4 Nc6 4. Nf3 g6 5. Bc4 Bg7 6. O-O e6 7. d3 Nge7 8. a3
O-O 9. Bd2 Nd4 10. Ba2 Rb8 11. Kh1 Nec6 12. Rb1 b5 13. Nxd4 Nxd4 14. Ne2 Nxe2
15. Qxe2 a5 16. c3 b4 17. Bb3 a4 18. Bc2 b3 19. Bd1 d5 20. e5 Ba6 21. Qf3 d4
22. c4 Bb7 23. Qh3 Qd7 24. Bg4 Rfe8 25. Be1 f5 26. exf6 Bxf6 27. Bh4 Bxh4 28.
Qxh4 Qf7 29. Rbe1 Rbc8 30. Kg1 Rc7 31. Bxe6 1-0

[Event "KBSK - CRELEL"]
[Site "?"]
[Date "2010.11.07"]
[Round "3.5"]
[White "Piceu, Tom"]
[Black "Gillain, Christophe"]
[Result "0-1"]
[WhiteElo "2350"]
[BlackElo "2092"]
[PlyCount "82"]
[EventDate "2010.11.07"]
[SourceDate "2010.11.07"]

1. e4 e6 2. Nf3 d5 3. e5 c5 4. b4 cxb4 5. a3 bxa3 6. d4 Nc6 7. Bd3 a2 8. Rxa2
Nb4 9. Rb2 Nxd3+ 10. Qxd3 Ne7 11. Nc3 Nc6 12. Ne2 Be7 13. h4 Nb4 14. Qd2 a5 15.
Rh3 b6 16. Rg3 g6 17. c3 Nc6 18. Qh6 Bf8 19. Qf4 Ra7 20. h5 Ba6 21. Qg4 Qc8 22.
Rh3 Bd3 23. hxg6 Bxg6 24. Nh4 Ba3 25. Nxg6 fxg6 26. Rc2 Bxc1 27. Rxc1 O-O 28.
Nf4 Raf7 29. Qxe6 Qxe6 30. Nxe6 Re8 31. Ng5 Ra7 32. Kd2 a4 33. Rch1 Ree7 34. f4
a3 35. g4 Na5 36. Kc2 Nc4 37. f5 gxf5 38. gxf5 Rg7 39. Nf3 Rg2+ 40. Kb1 a2+ 41.
Ka1 Na5 0-1

[Event "CRELEL - KBSK"]
[Site "?"]
[Date "2010.11.07"]
[Round "3.6"]
[White "Pirard, Grégory"]
[Black "Gryson, Wouter"]
[Result "0-1"]
[WhiteElo "2010"]
[BlackElo "2244"]
[PlyCount "70"]
[EventDate "2010.11.07"]
[SourceDate "2010.11.07"]

1. d4 g6 2. e4 Bg7 3. c3 d6 4. Bd3 e5 5. Ne2 Nc6 6. d5 Nce7 7. Ng3 h5 8. h4 Nh6
9. Qc2 O-O 10. c4 f5 11. Bg5 f4 12. Nf1 f3 13. g3 Ng4 14. Nc3 Bf6 15. Be3 c6
16. O-O-O cxd5 17. cxd5 a6 18. Kb1 b5 19. Rc1 Bd7 20. Nd1 Rc8 21. Qb3 Qa5 22.
Rxc8 Rxc8 23. Bd2 Qb6 24. Be3 Qc7 25. Bc2 a5 26. Nd2 b4 27. Nxf3 Bb5 28. Bd3 a4
29. Qc2 b3 30. axb3 Qa5 31. Nc3 axb3 32. Qd2 Rxc3 33. Qxc3 Qa2+ 34. Kc1 Qa1+
35. Kd2 Qxh1 0-1

[Event "KBSK - CRELEL"]
[Site "?"]
[Date "2010.11.07"]
[Round "3.7"]
[White "Verduyn, Frederic"]
[Black "Timmermans, Daniel"]
[Result "1/2-1/2"]
[WhiteElo "2201"]
[BlackElo "1965"]
[PlyCount "72"]
[EventDate "2010.11.07"]
[SourceDate "2010.11.07"]

1. e4 c5 2. Nc3 Nc6 3. f4 g6 4. Nf3 Bg7 5. Bb5 e6 6. Bxc6 bxc6 7. e5 d5 8. exd6
Qxd6 9. d3 Ba6 10. Be3 Nf6 11. Ne5 O-O 12. Qf3 Rfb8 13. Rb1 Nd7 14. Ne4 Nxe5
15. fxe5 Qxe5 16. O-O f5 17. Nxc5 Bc8 18. c4 Qd6 19. d4 Bxd4 20. Nb3 c5 21.
Bxd4 cxd4 22. c5 Qe5 23. Rfe1 Qf6 24. Rbd1 e5 25. Qd5+ Be6 26. Qxe5 Qxe5 27.
Rxe5 Bxb3 28. axb3 Rxb3 29. Rxd4 Rxb2 30. Rd7 Rc2 31. Ree7 a5 32. Rg7+ Kh8 33.
Rxh7+ Kg8 34. Rdg7+ Kf8 35. Rc7 Kg8 36. Rhg7+ Kh8 1/2-1/2

[Event "CRELEL - KBSK"]
[Site "?"]
[Date "2010.11.07"]
[Round "3.8"]
[White "Porteman, Eric"]
[Black "Piceu, Kurt"]
[Result "1/2-1/2"]
[WhiteElo "1954"]
[BlackElo "2070"]
[PlyCount "65"]
[EventDate "2010.11.07"]
[SourceDate "2010.11.07"]

1. c4 e5 2. Nc3 Nc6 3. g3 f5 4. Bg2 Nf6 5. e3 Bb4 6. Nge2 O-O 7. O-O d6 8. a3
Bxc3 9. Nxc3 a5 10. b3 Be6 11. d4 Bf7 12. Bb2 exd4 13. exd4 d5 14. c5 Qd7 15.
Re1 Rfe8 16. Qd3 Ne4 17. Bh3 Be6 18. Ne2 g5 19. f3 Nf6 20. Bg2 Ne7 21. Qd2 h6
22. Nc1 Ng6 23. Nd3 Qg7 24. Re2 Bd7 25. Ne5 Bb5 26. Ree1 c6 27. Qc2 Nd7 28.
Qxf5 Ngxe5 29. dxe5 Nxc5 30. Re3 Rad8 31. Rd1 Ne6 32. f4 d4 33. Ree1 1/2-1/2

[Event "Amay - Eynatten2"]
[Site "?"]
[Date "2010.11.07"]
[Round "3.1"]
[White "Prié, Eric"]
[Black "Braun, Christian"]
[Result "1/2-1/2"]
[WhiteElo "2529"]
[BlackElo "2373"]
[PlyCount "127"]
[EventDate "2010.??.??"]

1. d4 Nf6 2. Bf4 g6 3. Nc3 Bg7 4. Qd2 O-O 5. Bh6 c5 6. dxc5 Bxh6 7. Qxh6 Qa5 8.
O-O-O Qxc5 9. Nh3 Qh5 10. Qxh5 Nxh5 11. e4 d6 12. Nd5 Nc6 13. Bb5 Bxh3 14. Bxc6
Bxg2 15. Rhg1 bxc6 16. Nxe7+ Kh8 17. Rxg2 Rae8 18. Nxc6 Rxe4 19. f3 Rf4 20. Rf2
Rf6 21. Nxa7 Ra8 22. Nb5 Rxa2 23. Rxd6 Ra1+ 24. Kd2 Rf5 25. Nd4 Rg5 26. f4 Rgg1
27. f5 g5 28. f6 h6 29. Rd7 Kg8 30. b4 Nf4 31. b5 Rgd1+ 32. Kc3 Ra3+ 33. Kb4
Ra2 34. Rd8+ Kh7 35. Nc6 Rb1+ 36. Kc4 Ra4+ 37. Kc3 Rxb5 38. Rd7 Kg6 39. Nd8 Ra6
40. Nxf7 Rxf6 41. Nh8+ Kh5 42. Kd2 Rbf5 43. c4 Kg4 44. Kc2 Rf8 45. Rh7 h5 46.
Rd2 Kh3 47. Kc3 h4 48. Ra2 g4 49. Ra3 Ng2 50. Ng6 Rf3+ 51. Kb2 Rxa3 52. Kxa3
Rf3+ 53. Kb4 Kxh2 54. c5 h3 55. c6 Ne3 56. Kc5 Rf1 57. c7 Rc1+ 58. Kd4 Nf5+ 59.
Ke5 Rc5+ 60. Kf4 Kg1 61. Ne5 h2 62. Nxg4 h1=Q 63. Rxh1+ Kxh1 64. c8=Q 1/2-1/2

[Event "Amay - Eynatten2"]
[Site "?"]
[Date "2010.11.07"]
[Round "3.3"]
[White "Belkhodja, Slim"]
[Black "Litwak, Aleksej"]
[Result "0-1"]
[WhiteElo "2451"]
[BlackElo "2280"]
[PlyCount "78"]
[EventDate "2010.??.??"]

1. e4 c5 2. Nf3 e6 3. d4 cxd4 4. Nxd4 Nf6 5. Nc3 Nc6 6. Nxc6 bxc6 7. Bd3 d5 8.
O-O Be7 9. Re1 O-O 10. Bf4 a5 11. Qf3 Ba6 12. Bxa6 Rxa6 13. Rad1 a4 14. h4 Qb6
15. e5 Nd7 16. b3 axb3 17. axb3 Bxh4 18. g3 Be7 19. Kg2 Rfa8 20. Rh1 Nf8 21.
Rh5 Qb4 22. Qd3 Ra1 23. Nb1 R8a2 24. Bd2 Qg4 25. Rhh1 Ra8 26. f3 Qg6 27. Qc3
R1a2 28. Rc1 c5 29. Rhd1 Nd7 30. Bf4 h5 31. Qd2 d4 32. Qe2 Nb6 33. Rd2 Nd5 34.
Kh2 Rb2 35. Qe4 Ra1 36. Qxg6 fxg6 37. Rdd1 Nb4 38. Nd2 Rxc1 39. Rxc1 g5 0-1

[Event "Eynatten2 - Amay"]
[Site "?"]
[Date "2010.11.07"]
[Round "3.4"]
[White "Philipowski, Robert"]
[Black "Richter, Christian"]
[Result "0-1"]
[WhiteElo "2257"]
[BlackElo "2396"]
[PlyCount "84"]
[EventDate "2010.??.??"]

1. e4 e5 2. Nf3 Nc6 3. Bb5 a6 4. Ba4 Nf6 5. O-O Be7 6. Re1 b5 7. Bb3 d6 8. c3
O-O 9. d4 Bg4 10. Be3 Bd7 11. Bc1 Bg4 12. Be3 Bd7 13. Bc1 h6 14. h3 Re8 15.
Nbd2 Bf8 16. a4 Na5 17. Bc2 c5 18. Nf1 Qc7 19. d5 c4 20. Ng3 Nb7 21. Nh2 Nc5
22. axb5 axb5 23. Rxa8 Rxa8 24. f4 Ra1 25. fxe5 dxe5 26. Rf1 Qb6 27. Kh1 b4 28.
cxb4 Nd3 29. Bxd3 cxd3 30. Qb3 Rxc1 31. Rxc1 Qe3 32. Ra1 Qxg3 33. b5 Nxe4 34.
Nf1 Nf2+ 35. Kg1 Nxh3+ 36. Kh1 Nf2+ 37. Kg1 Nh3+ 38. Kh1 Qf2 39. gxh3 Qf3+ 40.
Kh2 Qf2+ 41. Kh1 Qf3+ 42. Kh2 Qxh3+ 0-1

[Event "Amay - Eynatten2"]
[Site "?"]
[Date "2010.11.07"]
[Round "3.5"]
[White "Buscher, Michael"]
[Black "Kartsev, Soel"]
[Result "0-1"]
[WhiteElo "2388"]
[BlackElo "2202"]
[PlyCount "112"]
[EventDate "2010.??.??"]

1. g3 f5 2. Bg2 Nf6 3. d3 e5 4. c4 Nc6 5. Nc3 Bb4 6. Bd2 O-O 7. e3 Bxc3 8. Bxc3
d5 9. Ne2 Be6 10. b3 Qe8 11. Qc2 Rd8 12. O-O Qh5 13. Rfe1 g5 14. Qb2 f4 15.
gxf4 gxf4 16. exf4 Ng4 17. h3 Nxf2 18. Kxf2 Qh4+ 19. Kg1 Bxh3 20. Bxe5 Kf7 21.
Nd4 Nxd4 22. Bxd4 Rg8 23. Re2 Bxg2 24. Rxg2 Rxg2+ 25. Qxg2 Rg8 26. Qxg8+ Kxg8
27. Be5 Qg3+ 28. Kh1 Qf3+ 29. Kg1 Qxd3 30. cxd5 Qg3+ 31. Kh1 Qf3+ 32. Kh2 Qxd5
33. Rg1+ Kf8 34. Rg2 c5 35. Bg7+ Kf7 36. Be5 Kf8 37. Bg7+ Kf7 38. Be5 Ke6 39.
Rg7 a5 40. Kg3 b5 41. Kh2 Qd2+ 42. Rg2 Qd3 43. Rg3 Qd1 44. Rg1 Qh5+ 45. Kg3 Kf5
46. Rg2 Qd1 47. Kh2 h6 48. Rf2 a4 49. Rb2 h5 50. bxa4 Qxa4 51. a3 c4 52. Bc3
Kxf4 53. Bb4 Qd1 54. Rf2+ Ke4 55. Rg2 h4 56. Rf2 Qg4 0-1

[Event "Eynatten2 - Amay"]
[Site "?"]
[Date "2010.11.07"]
[Round "3.6"]
[White "Kartsev, Alexander"]
[Black "Memeti, Kastriot"]
[Result "0-1"]
[WhiteElo "2145"]
[BlackElo "2194"]
[PlyCount "82"]
[EventDate "2010.??.??"]

1. d4 e6 2. Nf3 Nf6 3. e3 c5 4. Bd3 Nc6 5. O-O d5 6. b3 Bd6 7. Bb2 O-O 8. c4
cxd4 9. exd4 b6 10. Nc3 dxc4 11. bxc4 Bb7 12. Rc1 Bf4 13. Rb1 Rc8 14. Qe2 Re8
15. Rbd1 Bb8 16. Rfe1 Ne7 17. Nb1 Qc7 18. Ne5 Ng6 19. Qe3 Nxe5 20. dxe5 Nd7 21.
Qh3 Nf8 22. Nc3 Ng6 23. Nb5 Qe7 24. Ba3 Qg5 25. Bc1 Qh4 26. Bxg6 Qxh3 27. Bxf7+
Kxf7 28. gxh3 Rxc4 29. Bg5 Kg6 30. Rd7 Bc6 31. Na3 Ra4 32. Rd3 Kxg5 33. Rg3+
Kh6 34. Rc1 Bd5 35. Nb1 Bxe5 36. Nd2 Rxa2 37. Nf1 Bxg3 38. hxg3 Rf8 39. Ne3
Rfxf2 40. Ng4+ Kg6 41. Nxf2 b5 0-1

[Event "Amay - Eynatten2"]
[Site "?"]
[Date "2010.11.07"]
[Round "3.7"]
[White "Noiroux, Kevin"]
[Black "Vanstreels, Luk"]
[Result "1/2-1/2"]
[WhiteElo "2167"]
[BlackElo "2118"]
[PlyCount "87"]
[EventDate "2010.??.??"]

1. d4 Nf6 2. c4 e6 3. g3 c5 4. d5 exd5 5. cxd5 b5 6. Bg2 Bb7 7. e4 d6 8. a4 a6
9. axb5 axb5 10. Rxa8 Bxa8 11. Na3 Qa5+ 12. Bd2 b4 13. Nc4 Qa6 14. b3 Nbd7 15.
Bf4 Nb6 16. Bf1 Nxc4 17. Bxc4 Qa2 18. Nf3 Nxe4 19. O-O Be7 20. Qd3 f5 21. Ng5
Bxg5 22. Bxg5 O-O 23. Be3 Bb7 24. f3 Nc3 25. Bd2 Qa8 26. Bxc3 bxc3 27. Rd1 f4
28. Qxc3 fxg3 29. hxg3 Qe8 30. Re1 Qg6 31. Kg2 Re8 32. Rxe8+ Qxe8 33. Qd2 Qe5
34. Kf2 Kf7 35. f4 Qe4 36. Qe2 Qd4+ 37. Qe3 Qb2+ 38. Kf3 Qf6 39. g4 h5 40. gxh5
Bc8 41. Kg3 Qf5 42. Qf3 Qh3+ 43. Kf2 Qh4+ 44. Kg1 1/2-1/2

[Event "Eynatten2 - Amay"]
[Site "?"]
[Date "2010.11.07"]
[Round "3.8"]
[White "Andok, Claus Michael"]
[Black "Münster, Pierre"]
[Result "1/2-1/2"]
[WhiteElo "2105"]
[BlackElo "2050"]
[PlyCount "31"]
[EventDate "2010.??.??"]

1. e4 d5 2. d3 dxe4 3. dxe4 Qxd1+ 4. Kxd1 Nf6 5. f3 e5 6. Be3 Nc6 7. c3 Be6 8.
Kc2 Be7 9. Nd2 Rd8 10. g3 O-O 11. Bh3 Bd7 12. Bf1 Be6 13. Nh3 h6 14. Nf2 a6 15.
Be2 Rd6 16. Nc4 1/2-1/2

[Event "Borgerhout - Ans"]
[Site "Ans"]
[Date "2010.11.07"]
[Round "3.2"]
[White "Docx, Stefan"]
[Black "Winants, Luc"]
[Result "0-1"]
[WhiteElo "2382"]
[BlackElo "2515"]
[PlyCount "84"]
[EventDate "2010.11.07"]
[EventCountry "BEL"]
[SourceDate "2010.11.08"]

1. d4 Nf6 2. c4 e6 3. g3 d5 4. Nf3 dxc4 5. Bg2 Bb4+ 6. Bd2 a5 7. Qc2 Nc6 8.
Qxc4 Qd5 9. Qxd5 exd5 10. O-O Be6 11. Rc1 Ne4 12. Bf4 Bd6 13. Nc3 Nxc3 14. Rxc3
Ke7 15. Rd1 Rhd8 16. Ng5 Bxf4 17. gxf4 h6 18. Nf3 Ra6 19. Ne1 Rb6 20. Rd2 Kd6
21. e3 a4 22. Rc5 f6 23. Nd3 a3 24. b3 Ra8 25. f5 Bf7 26. Rc1 Nb4 27. Nc5 Ra7
28. Bf1 Ke7 29. f3 g5 30. Kf2 Rd6 31. Nd3 Rc6 32. Rxc6 Nxc6 33. Rc2 Kd6 34. Ke1
Be8 35. Kd2 Bd7 36. Bh3 Ra8 37. Kc3 Re8 38. Re2 Ne7 39. Nc5 Bxf5 40. Bg2 b6 41.
e4 dxe4 42. fxe4 bxc5 0-1

[Event "Ans - Borgerhout"]
[Site "Ans"]
[Date "2010.11.07"]
[Round "3.3"]
[White "Fridman, Rafael"]
[Black "Vedder, Henk"]
[Result "1-0"]
[WhiteElo "2480"]
[BlackElo "2372"]
[PlyCount "113"]
[EventDate "2010.11.07"]
[EventCountry "BEL"]
[SourceDate "2010.11.08"]

1. e4 e6 2. d4 d5 3. exd5 exd5 4. Bd3 Nc6 5. c3 Bd6 6. Qf3 Nce7 7. Ne2 Be6 8.
Nf4 Qd7 9. Nxe6 Qxe6+ 10. Be3 Nf6 11. Nd2 Ng6 12. g3 Qg4 13. h3 Qxf3 14. Nxf3
O-O 15. O-O Rfe8 16. Rae1 Ne4 17. Nd2 Nxd2 18. Bxd2 Rxe1 19. Rxe1 Kf8 20. h4 h6
21. h5 Ne7 22. g4 Nc6 23. Kg2 Re8 24. Rg1 Nd8 25. f4 Ne6 26. Kf3 f6 27. Bf5 Re7
28. Be3 c6 29. b3 Ke8 30. Rc1 Kd8 31. Rg1 Kc7 32. Rg2 b6 33. Bd2 c5 34. Re2 Nd8
35. Be3 Nc6 36. Rd2 c4 37. bxc4 dxc4 38. Rb2 Na5 39. Be4 Ba3 40. Rg2 Nb7 41.
Bxb7 Kxb7 42. g5 fxg5 43. fxg5 hxg5 44. Bxg5 Rf7+ 45. Ke4 b5 46. Bf4 a5 47. Be5
Bf8 48. d5 a4 49. Rg4 Kb6 50. Rg6+ Ka5 51. d6 b4 52. cxb4+ Kxb4 53. Kd5 c3 54.
Rg4+ Ka3 55. Ke6 Ra7 56. d7 Ra8 57. Bxc3 1-0

[Event "Ans - Borgerhout"]
[Site "Ans"]
[Date "2010.11.07"]
[Round "3.5"]
[White "Hautot, Stéphane"]
[Black "Nieto, Emanuel"]
[Result "1-0"]
[WhiteElo "2453"]
[BlackElo "2332"]
[PlyCount "83"]
[EventDate "2010.11.07"]
[EventCountry "BEL"]
[SourceDate "2010.11.08"]

1. e4 e5 2. d4 exd4 3. Nf3 Nc6 4. Bc4 Nf6 5. e5 d5 6. Bb5 Ne4 7. Nxd4 Bd7 8.
Bxc6 bxc6 9. O-O Bc5 10. f3 Ng5 11. f4 Ne4 12. Be3 Bb6 13. Nc3 Nxc3 14. bxc3
Qe7 15. Qf3 Qa3 16. Bf2 O-O 17. f5 c5 18. Nb3 c4 19. Nd4 c5 20. Ne2 d4 21. f6
d3 22. cxd3 cxd3 23. Qxd3 Qa4 24. c4 Be6 25. Rac1 Rfd8 26. Qg3 g6 27. Nf4 Qe8
28. Qh4 Rd7 29. Nxe6 fxe6 30. Rcd1 Rad8 31. Rxd7 Rxd7 32. Be3 h5 33. Qe4 Kf7
34. Qf4 Qf8 35. Qf3 Qb8 36. Qf4 Qf8 37. h3 Qh8 38. Rf3 Rd1+ 39. Kh2 Rd7 40. Qe4
Qc8 41. Rg3 Qg8 42. Bxc5 1-0

[Event "Ans - Borgerhout"]
[Site "Ans"]
[Date "2010.11.07"]
[Round "3.7"]
[White "Goossens, Etienne"]
[Black "Baert, Andy"]
[Result "0-1"]
[WhiteElo "2243"]
[BlackElo "2199"]
[PlyCount "66"]
[EventDate "2010.11.07"]
[EventCountry "BEL"]
[SourceDate "2010.11.08"]

1. d4 d5 2. c4 e6 3. Nc3 Be7 4. Nf3 Nf6 5. Bg5 O-O 6. Qc2 Nbd7 7. e3 h6 8. Bf4
c5 9. cxd5 cxd4 10. d6 dxc3 11. bxc3 e5 12. dxe7 Qxe7 13. Bg3 b6 14. Bc4 Bb7
15. O-O Rac8 16. Bb5 Rc5 17. Qa4 a6 18. Bxd7 Nxd7 19. Rfd1 b5 20. Qb4 Nb6 21.
Rd2 Nc4 22. Rd7 Qxd7 23. Qxc5 Bxf3 24. gxf3 Rc8 25. Qb4 Nd2 26. Kg2 Rc4 27. Qa5
Qd5 28. e4 Qd6 29. Bxe5 Qg6+ 30. Bg3 Qf6 31. Re1 Qxf3+ 32. Kg1 Qd3 33. e5 Nf3+
0-1

[Event "Rochade - Namur"]
[Site "?"]
[Date "2010.11.07"]
[Round "3.2"]
[White "Chuchelov, Vladimir"]
[Black "Laurent, Julien"]
[Result "1/2-1/2"]
[WhiteElo "2564"]
[BlackElo "2291"]
[PlyCount "122"]
[EventDate "2010.11.15"]
[SourceDate "2010.11.15"]

1. Nf3 Nf6 2. c4 e6 3. Nc3 d5 4. d4 Be7 5. Bg5 O-O 6. e3 h6 7. Bh4 Ne4 8. Bxe7
Qxe7 9. Rc1 Nxc3 10. Rxc3 c6 11. Be2 Nd7 12. O-O dxc4 13. Bxc4 e5 14. Bb3 e4
15. Nd2 Nf6 16. Qc2 Bg4 17. Re1 Kh8 18. Rc5 Nd7 19. Ra5 Rfe8 20. h3 Be6 21. Rc1
f5 22. Bxe6 Qxe6 23. Qb3 Qxb3 24. Nxb3 Rf8 25. Ra3 Nb6 26. Nc5 Rf7 27. Rb3 Rb8
28. a4 Nd5 29. a5 Kg8 30. Kf1 Re7 31. g3 Kf7 32. Ke2 g5 33. Rh1 Kf6 34. Rc1 Kg6
35. Rf1 Kf6 36. f3 exf3+ 37. Rxf3 Kg6 38. Kf2 g4 39. hxg4 fxg4 40. Rf4 Nxf4 41.
gxf4 Kf5 42. a6 b6 43. Nb7 h5 44. Nd6+ Ke6 45. Ne4 h4 46. Rc3 Rh8 47. Kg2 Rg7
48. Ng5+ Rxg5 49. fxg5 h3+ 50. Kh1 Kf5 51. Rxc6 Kxg5 52. d5 Re8 53. Rc3 Rg8 54.
Rc1 g3 55. d6 Kg4 56. Rc4+ Kf3 57. d7 Rb8 58. Rc1 Rh8 59. Rc4 Kxe3 60. Rc2 Rg8
61. Kg1 Rh8 1/2-1/2

[Event "Namur - Rochade"]
[Site "?"]
[Date "2010.11.07"]
[Round "3.3"]
[White "Denayer, Eric"]
[Black "Fiebig, Thomas"]
[Result "1-0"]
[WhiteElo "2245"]
[BlackElo "2453"]
[PlyCount "83"]
[EventDate "2010.11.15"]
[SourceDate "2010.11.15"]

1. Nf3 d5 2. d4 Nf6 3. g3 c6 4. Bg2 Bf5 5. Nh4 Bg6 6. O-O Nbd7 7. Nxg6 hxg6 8.
c4 e6 9. Nc3 dxc4 10. e4 Qa5 11. h3 e5 12. d5 cxd5 13. exd5 Bd6 14. Qe2 Rc8 15.
Bd2 O-O 16. Rad1 b5 17. Ne4 Bb4 18. Nxf6+ gxf6 19. Bh6 Rfd8 20. h4 Bf8 21. Bd2
Qb6 22. h5 b4 23. hxg6 fxg6 24. Bh3 f5 25. g4 f4 26. g5 Bd6 27. Bxf4 c3 28.
Be6+ Kg7 29. Be3 Qc7 30. f4 c2 31. Rde1 Qc4 32. f5 Qxe2 33. f6+ Kf8 34. Rxe2
Rc4 35. Rh2 Ke8 36. Rc1 Rdc8 37. Rh8+ Bf8 38. Rh7 R8c7 39. d6 Bxd6 40. Rxd7
Rxd7 41. Bxc4 Bc5 42. f7+ 1-0

[Event "Rochade - Namur"]
[Site "?"]
[Date "2010.11.07"]
[Round "3.4"]
[White "Meessen, Rudolf"]
[Black "Bolzoni, Victor-Angel"]
[Result "1-0"]
[WhiteElo "2360"]
[BlackElo "2236"]
[PlyCount "77"]
[EventDate "2010.11.15"]
[SourceDate "2010.11.15"]

1. d4 Nf6 2. c4 g6 3. f3 c5 4. d5 e6 5. e4 exd5 6. cxd5 d6 7. Ne2 Bg7 8. Nec3
O-O 9. Be2 Na6 10. O-O Nc7 11. a4 Re8 12. Na3 b6 13. Kh1 a6 14. g4 h5 15. g5
Nh7 16. Rg1 Bd4 17. Nc4 Bxg1 18. Qxg1 Re7 19. Nxb6 Rb8 20. Nc4 Rb4 21. Bf4 Ne8
22. Rb1 Reb7 23. a5 Bd7 24. Bd2 Bb5 25. Nxb5 R4xb5 26. f4 Qe7 27. Qg2 Rb3 28.
Re1 h4 29. Bc3 Ng7 30. Bd1 R3b5 31. Qg4 Rb4 32. b3 Rxb3 33. Bxb3 Rxb3 34. Qc8+
Nf8 35. Bf6 Qe8 36. Nxd6 Qa4 37. Be7 h3 38. Qxf8+ Kh7 39. Bf6 1-0

[Event "Namur - Rochade"]
[Site "?"]
[Date "2010.11.07"]
[Round "3.5"]
[White "Lanneau, Bertrand"]
[Black "Coenen, Michael"]
[Result "1-0"]
[WhiteElo "2190"]
[BlackElo "2355"]
[PlyCount "115"]
[EventDate "2010.11.15"]
[SourceDate "2010.11.15"]

1. e4 e5 2. Nf3 Nc6 3. d4 exd4 4. Nxd4 Bc5 5. Nb3 Bb6 6. a4 a6 7. Nc3 d6 8. Nd5
Ba7 9. Qf3 Nce7 10. Bg5 h6 11. Bh4 g5 12. Qc3 Nxd5 13. Qxh8 Ndf6 14. Bg3 Qe7
15. O-O-O Bd7 16. Bc4 O-O-O 17. Rhe1 Ng4 18. Qc3 Bxf2 19. Bxf2 Nxf2 20. Rd2 Ng4
21. Na5 Be6 22. Qb4 c5 23. Qb6 Qc7 24. Qxc7+ Kxc7 25. Bxe6 fxe6 26. Nc4 b5 27.
Ne3 Ne5 28. axb5 axb5 29. Rf2 Ra8 30. Kb1 Kd7 31. b3 h5 32. Ref1 Ke7 33. h3 Nh6
34. Nd1 c4 35. Kb2 cxb3 36. Kxb3 g4 37. Nc3 Rg8 38. Ra1 gxh3 39. Ra7+ Nd7 40.
gxh3 Rg3 41. Kb4 Rxh3 42. e5 d5 43. Re2 Nf5 44. Nxd5+ exd5 45. e6 Re3 46. Rxe3
Nxe3 47. exd7 Nxc2+ 48. Kc5 b4 49. Rb7 h4 50. Kc6 Nd4+ 51. Kc7 Ne6+ 52. Kc8 Nd8
53. Rxb4 Nf7 54. Rxh4 Nd6+ 55. Kc7 Nb5+ 56. Kc6 Na7+ 57. Kxd5 Kd8 58. Rh8+ 1-0

[Event "Rochade - Namur"]
[Site "?"]
[Date "2010.11.07"]
[Round "3.6"]
[White "Martin, Ahn"]
[Black "Werner, Ivan"]
[Result "1-0"]
[WhiteElo "2190"]
[BlackElo "2355"]
[PlyCount "104"]
[EventDate "2010.11.15"]
[SourceDate "2010.11.15"]

1. e4 Nf6 2. e5 Nd5 3. d4 d6 4. Bc4 e6 5. Nf3 Be7 6. Qe2 O-O 7. O-O Bd7 8. Nbd2
Nf4 9. Qe3 Ng6 10. c3 Bc6 11. Re1 Nd7 12. g3 Nb6 13. Bb3 a5 14. Ne4 a4 15. Bc2
Nd5 16. Qd3 f5 17. Neg5 dxe5 18. dxe5 Nb6 19. Qxd8 Rfxd8 20. Nd4 Bxg5 21. Bxg5
Re8 22. Nxc6 bxc6 23. Rad1 h6 24. Bc1 Red8 25. Rxd8+ Rxd8 26. f4 Kf7 27. Kf2
Ne7 28. Ke2 Rb8 29. Rd1 Ned5 30. Bd3 a3 31. c4 axb2 32. Bxb2 Nxc4 33. Bxc4
Rxb2+ 34. Rd2 Rxd2+ 35. Kxd2 Nb6 36. Bb3 Nd5 37. a4 Ke7 38. Kd3 Kd7 39. Kc4 Kc8
40. Kc5 Kb7 41. h4 Nb6 42. Bxe6 Nxa4+ 43. Kb4 Nb6 44. Bxf5 Nd5+ 45. Kc5 Ne7 46.
Bd7 g6 47. h5 Kb8 48. hxg6 Nxg6 49. Kxc6 h5 50. Be8 Ne7+ 51. Kd7 Nf5 52. Bxh5
Nxg3 1-0

[Event "Rochade - Namur"]
[Site "?"]
[Date "2010.11.07"]
[Round "3.8"]
[White "Huesmann, Thomas"]
[Black "Fontaine, Quentin"]
[Result "1-0"]
[WhiteElo "2280"]
[BlackElo "1558"]
[PlyCount "85"]
[EventDate "2010.11.15"]
[SourceDate "2010.11.15"]

1. e4 c5 2. Nc3 Nc6 3. f4 e6 4. Nf3 Nf6 5. Bb5 Nd4 6. Bd3 d6 7. Nxd4 cxd4 8.
Ne2 e5 9. Bb5+ Bd7 10. Bxd7+ Qxd7 11. d3 Be7 12. O-O O-O 13. c3 dxc3 14. Nxc3
exf4 15. Bxf4 d5 16. e5 Ne8 17. Qb3 Rd8 18. Rac1 Nc7 19. Qxb7 Bc5+ 20. Kh1 g5
21. Bxg5 Rb8 22. Nxd5 Qxd5 23. Qxd5 Nxd5 24. Rxc5 Nb4 25. Bf6 Rfc8 26. Rxc8+
Rxc8 27. d4 Rc2 28. a3 Nd5 29. h4 Ne3 30. Rf3 Re2 31. h5 Kf8 32. g3 Ng4 33. Rb3
Ke8 34. Rb7 Nh2 35. Rb3 Kd7 36. d5 Ng4 37. Rb7+ Kc8 38. Rxf7 Rf2 39. d6 Nxf6
40. Rxf6 Rd2 41. Rf7 Rd5 42. Re7 a5 43. b4 1-0